Jornades de Teatre i Municipi : i Fòrum del Sistema Públic d'Equipaments Escènics i Musicals de Catalunya, SPEEM : 3 i 4 de desembre de 2013 : Institut del Teatre de Terrassa 3 i 4 de desembre de 2013 : Institut del Teatre de Terrassa
Publicado:
Barcelona :
Diputació de Barcelona. Institut del Teatre : Generalitat de Catalunya. Departament de Cultura ,
2013
Descripción Física:
1 carpeta de cartolina DIN A-4
Materias:
Teatres Municipals
Idioma:
Catalán
MARC
| LEADER | 00000nam a22000007a 4500 | ||
|---|---|---|---|
| 001 | 25097 | ||
| 008 | 211229b spa||||| |||| 00| 0 cat d | ||
| 080 | |a NBM-12-30 | ||
| 245 | |a Jornades de Teatre i Municipi : i Fòrum del Sistema Públic d'Equipaments Escènics i Musicals de Catalunya, SPEEM : |b 3 i 4 de desembre de 2013 : Institut del Teatre de Terrassa | ||
| 260 | |a Barcelona : |b Diputació de Barcelona. Institut del Teatre : |b Generalitat de Catalunya. Departament de Cultura ; |c 2013 | ||
| 300 | |a 1 carpeta de cartolina DIN A-4 | ||
| 500 | |a Carpeta buida | ||
| 610 | 0 | |9 52443 |a Teatres Municipals | |
| 710 | 1 | |a Institut del Teatre (Barcelona, Catalunya) |9 52662 | |
| 710 | 2 | |a Catalunya. |b Departament de Cultura |9 52819 | |
| 942 | |2 udc |c ARXIU |n 1 | ||
| 952 | |0 0 |1 0 |4 0 |6 NBM1230 |7 1 |9 60922 |a Arxiu |b Arxiu |d 2021-12-29 |l 0 |o NBM-12-30 |p 25097 |r 2021-12-29 00:00:00 |w 2021-12-29 |y ARXIU | ||
| 999 | |c 81047 |d 81047 | ||